Escenarios agroclimáticos para el cultivo de banano (Musa sp) en la Región de Soconusco, Chiapas / (Record no. 219285)
[ view plain ]
| 000 -CABECERA | |
|---|---|
| campo de control de longitud fija | 03915nam a2200325 a 4500 |
| 003 - IDENTIFICADOR DEL NÚMERO DE CONTROL | |
| campo de control | OSt |
| 005 - FECHA Y HORA DE LA ÚLTIMA TRANSACCIÓN | |
| campo de control | 20240909110356.0 |
| 008 - DATOS DE LONGITUD FIJA--INFORMACIÓN GENERAL | |
| campo de control de longitud fija | 231018s2023 mx a|||fom||| 001 0 spa d |
| 040 ## - FUENTE DE LA CATALOGACIÓN | |
| Normas de descripción | rda |
| 100 1# - ENTRADA PRINCIPAL--NOMBRE DE PERSONA | |
| 9 (RLIN) | 188154 |
| Nombre de persona | Ruiz Gregorio, Mariam de los Cielos |
| 245 10 - MENCIÓN DE TÍTULO | |
| Título | Escenarios agroclimáticos para el cultivo de banano (Musa sp) en la Región de Soconusco, Chiapas / |
| Mención de responsabilidad, etc. | por Mariam de los Cielos Ruiz Gregorio; director de tesis Marcial Castillo Álvarez; secretario Virginia Emelia Ramón López; vocal Berenice Vives Juárez; suplente Alma Berenice Salaya Curiel; suplente Olga García Cruz |
| 264 #1 - PRODUCCIÓN, PUBLICACIÓN, DISTRIBUCIÓN, FABRICACIÓN Y COPYRIGHT | |
| Producción, publicación, distribución, fabricación y copyright | Tabasco, México : |
| Nombre del de productor, editor, distribuidor, fabricante | El autor, |
| Fecha de producción, publicación, distribución, fabricación o copyright | 2023. |
| 300 ## - DESCRIPCIÓN FÍSICA | |
| Extensión | 1 recurso en línea (190 páginas): |
| Otras características físicas | figuras, cuadros. |
| 336 ## - TIPO DE CONTENIDO | |
| Fuente | rdacontent |
| Término de tipo de contenido | texto |
| Código de tipo de contenido | txt |
| 337 ## - TIPO DE MEDIO | |
| Fuente | rdamedia |
| Nombre/término del tipo de medio | computadora |
| Código del tipo de medio | c |
| 338 ## - TIPO DE SOPORTE | |
| Fuente | rdacarrier |
| Nombre/término del tipo de soporte | recurso en línea |
| Código del tipo de soporte | cr |
| 502 ## - NOTA DE TESIS | |
| Tipo de título | Ingeniero Agrónomo Especialista en Zonas Tropicales |
| Nombre de la institución que otorga el título | Unidad Regional Universitaria Sursureste, |
| Año de obtención del título | 2023. |
| Información miscelánea | Licenciatura |
| 504 ## - NOTA DE BIBLIOGRAFÍA, ETC. | |
| Nota de bibliografía, etc. | Incluye referencias bibliográficas: páginas 139-145. |
| 520 ## - SUMARIO, ETC. | |
| Sumario, etc. | El banano es una fruta tropical de gran importancia económica y social debido a su producción y generación de empleo. En México, el Soconusco, Chiapas es la región líder en la producción de banano, contribuyendo con el 20% de la producción nacional. Sin embargo, existe la preocupación por el posible impacto del cambio climático en la adaptabilidad y rendimiento del cultivo en esta región. Por lo anterior, este estudio se planteó analizar los escenarios climáticos generados por el CCA-UNAM para México de los posibles cambios en la temperatura y precipitación. Se calcularon índices agroclimáticos de eficiencia térmica, el requerimiento de riego y la reducción del rendimiento en los escenarios climáticos base y de cambio climático utilizando dos Modelos de Circulación General de la Atmósfera y dos Forzamientos radiativos. Además, se analizaron los cambios en las variables climáticas y en los índices agroclimáticos en las 54 estaciones meteorológicas de la región, utilizando técnicas de análisis multivariado de conglomerados. Los resultados muestran que se puede discriminar entre la zona baja productora de banano (Planicie Costera de Pacífico) y la zona de sierra o no productora de banano (Sierra Madre de Chiapas). Ambas zonas obtienen un incremento de 1.5 °C en la temperatura, tanto en la máxima como en la mínima, mientras que la precipitación se mantendrá estable. En la zona productora de banano, se proyecta una probable disminución del 15% en la eficiencia térmica durante la estación lluviosa, sin cambios significativos en el requerimiento de riego ni en la de reducción del rendimiento. En conclusión, aunque el cultivo de banano se encuentra en condiciones térmicas adecuadas, se espera una disminución significativa en la eficiencia térmica, lo que probablemente afectará la adaptabilidad y el rendimiento del cultivo. Además, a pesar de que no se prevé un aumento significativo en el requerimiento de riego en los escenarios climáticos proyectados, la región ya presenta altos requerimientos de riego, lo cual se muestra en términos de hasta un 55% en el índice de reducción del rendimiento. Por lo tanto, se recomiendan medidas de adaptación y mitigación para garantizar la viabilidad del cultivo de banano en la región, incluso en el escenario climático actual. |
| 650 #4 - PUNTO DE ACCESO ADICIONAL DE MATERIA--TÉRMINO DE MATERIA | |
| 9 (RLIN) | 89227 |
| Término de materia o nombre geográfico como elemento de entrada | Plátano |
| Subdivisión general | Efecto del clima |
| 650 #4 - PUNTO DE ACCESO ADICIONAL DE MATERIA--TÉRMINO DE MATERIA | |
| 9 (RLIN) | 89265 |
| Término de materia o nombre geográfico como elemento de entrada | Plátano |
| Subdivisión general | Rendimiento |
| 650 #4 - PUNTO DE ACCESO ADICIONAL DE MATERIA--TÉRMINO DE MATERIA | |
| 9 (RLIN) | 147854 |
| Término de materia o nombre geográfico como elemento de entrada | Platano |
| Subdivisión general | Cultivo |
| 700 1# - PUNTO DE ACCESO ADICIONAL--NOMBRE DE PERSONA | |
| 9 (RLIN) | 20077 |
| Nombre de persona | Castillo Alvarez, Marcial |
| Término indicativo de función/relación | Director de tesis. |
| 700 1# - PUNTO DE ACCESO ADICIONAL--NOMBRE DE PERSONA | |
| Nombre de persona | Ramón López, Virginia Emelia |
| 9 (RLIN) | 94379 |
| Término indicativo de función/relación | Secretario |
| 700 1# - PUNTO DE ACCESO ADICIONAL--NOMBRE DE PERSONA | |
| Nombre de persona | Vives Juárez, Berenice |
| 9 (RLIN) | 135873 |
| Término indicativo de función/relación | Vocal |
| 700 1# - PUNTO DE ACCESO ADICIONAL--NOMBRE DE PERSONA | |
| Nombre de persona | Salaya Curiel, Alma Berenice |
| 9 (RLIN) | 126812 |
| Término indicativo de función/relación | Suplente |
| 700 1# - PUNTO DE ACCESO ADICIONAL--NOMBRE DE PERSONA | |
| Nombre de persona | García Cruz, Olga |
| 9 (RLIN) | 189548 |
| Término indicativo de función/relación | Suplente |
| 856 ## - LOCALIZACIÓN Y ACCESO ELECTRÓNICOS | |
| Identificador Uniforme del Recurso | http://10.13.5.2/tesis/tl/1712378-4_RUIZ_GREGORIO_MIRIAMDELOSCIELOS.pdf |
| Nota pública | DESCARGAR PDF |
| 942 ## - ELEMENTOS DE PUNTO DE ACCESO ADICIONAL (KOHA) | |
| Fuente del sistema de clasificación o colocación | Clasificación Universidad Autónoma Chapingo |
| Estado de retiro | Estado de pérdida | Fuente del sistema de clasificación o colocación | Estado dañado | Restricciones de uso | No para préstamo | Código de colección | Localización permanente | Ubicación/localización actual | Ubicación en estantería | Fecha de adquisición | Total de préstamos | Signatura topográfica completa | Fecha visto por última vez | Precio válido a partir de | Tipo de ítem Koha |
|---|---|---|---|---|---|---|---|---|---|---|---|---|---|---|---|
| Clasificación Universidad Autónoma de Chapingo | Préstamo interno | Tesis digitales de Licenciatura | Biblioteca Digital | Biblioteca Digital | En línea | 18/10/2023 | Tesis digital | 18/10/2023 | 18/10/2023 | Tesis digital |
